| 000 | 00850nam a22002537a 4500 | ||
|---|---|---|---|
| 001 | 4457 | ||
| 003 | FISKH | ||
| 005 | 20240911082859.0 | ||
| 008 | 240911b cb ||||| |||| 00| 0 eng d | ||
| 020 | _a9780439917193 | ||
| 040 |
_aFISKH _beng _cFISKH _dFISKH |
||
| 050 | _aE99.P85 | ||
| 082 | _2975.501092 | ||
| 100 |
_aBruchac, Joseph _d1942- |
||
| 245 |
_aPocahontas / _cJoseph Bruchac |
||
| 250 | _aFirst printing in 2006 | ||
| 260 |
_aNew York : _bScholastic, _c2006. |
||
| 300 |
_a178 pages : _c20 cm |
||
| 520 | _aTold from the viewpoints of Pocahontas and John Smith, describes their lives in the context of the encounter between the Powhatan Indians and the English colonists of seventeenth-century Jamestown, Virginia. | ||
| 650 |
_2Fiction _aNative American |
||
| 650 |
_217th century _aVirginia |
||
| 942 |
_2ddc _cBK _n0 |
||
| 999 |
_c4457 _d4457 |
||